Ed Wood Filmography - Statistics

General Stats
  • This quiz has been taken 169 times
  • The average score is 26 of 85
Answer Stats
Type Year Name % Correct
Film Director 1953 Glen or Glenda
82%
Film Screenplay 1953 Glen or Glenda
82%
Film Starring Role 1953 Glen or Glenda
82%
Film Director 1955 Bride of the Monster
73%
Film Screenplay 1955 Bride of the Monster
73%
Film Production 1955 Bride of the Monster
73%
Film Director 1959 Plan 9 from Outer Space
73%
Film Screenplay 1959 Plan 9 from Outer Space
73%
Film Production 1959 Plan 9 from Outer Space
73%
Film Director 1954 Jail Bait
64%
Film Screenplay 1954 Jail Bait
64%
Film Production 1954 Jail Bait
64%
Film Screenplay 1965 Orgy of the Dead
55%
Film Production 1965 Orgy of the Dead
55%
Film Cameo 1994 Ed Wood
45%
Film Director 1958 Night of the Ghouls
45%
Film Screenplay 1958 Night of the Ghouls
45%
Film Production 1958 Night of the Ghouls
45%
Film Director 1961 The Sinister Urge
45%
Film Screenplay 1961 The Sinister Urge
45%
Film Production 1961 The Sinister Urge
45%
TV Pilot Director 1957 Final Curtain
36%
TV Pilot Screenplay 1957 Final Curtain
36%
Film Story 1998 I Woke Up Early the Day I Died
36%
Film Director 1971 Necromania
36%
Film Screenplay 1971 Necromania
36%
Film Production 1971 Necromania
36%
Film Screenplay 1956 The Violent Years
36%
Short Film Director 1953 Boots
27%
Short Film Screenplay 1953 Boots
27%
TV Pilot Director 1953 Crossroad Avenger
27%
TV Pilot Screenplay 1953 Crossroad Avenger
27%
TV Pilot Acting Role 1953 Crossroad Avenger
27%
Short Film Director 1995 Crossroads of Laredo
27%
Short Film Screenplay 1995 Crossroads of Laredo
27%
Short Film Starring Role 1995 Crossroads of Laredo
27%
Film Screenplay 1974 Fugitive Girls
27%
Film Cameo 1974 Fugitive Girls
27%
Film Screenplay 1969 Love Feast
27%
Film Cameo 1969 Love Feast
27%
Film Screenplay 1962 Married Too Young
27%
Film Screenplay 1969 One Million AC/DC
27%
Film Director 1970 Take It Out in Trade
27%
Film Screenplay 1970 Take It Out in Trade
27%
Film Starring Role 1970 Take It Out in Trade
27%
Film Director 1995 Take It Out in Trade: The Outtakes
27%
Film Screenplay 1995 Take It Out in Trade: The Outtakes
27%
Film Consultant 1958 The Astounding She-Monster
27%
Film Screenplay 1958 The Bride and the Beast
27%
Film Director 1971 The Only House in Town
27%
Film Screenplay 1971 The Only House in Town
27%
Film Director 1971 The Young Marrieds
27%
Film Screenplay 1971 The Young Marrieds
27%
Short Documentary Director 1960 Trick Shooting with Kenne Duncan
27%
Film Screenplay 1972 Drop Out Wife
18%
Film Director 1993 Hellborn
18%
Film Cameo 1993 Hellborn
18%
Film Screenplay 1959 Revenge of the Virgins
18%
Film Screenplay 1963 Shotgun Wedding
18%
Film Screenplay 1953 Son of the Renegade
18%
Film Screenplay 1976 The Beach Bunnies
18%
Film Screenplay 1972 The Class Reunion
18%
Short Film Director 1957 The Night the Banshee Cried
18%
Short Film Screenplay 1957 The Night the Banshee Cried
18%
TV Short Director 1951 The Sun Was Setting
18%
TV Short Screenplay 1951 The Sun Was Setting
18%
Film Screenplay 1971 The Undergraduate
18%
Film Screenplay 1961 Anatomy of a Psycho
9%
Film Story 1961 Anatomy of a Psycho
9%
Film Story 2000 Devil Girls
9%
Film Screenplay 1970 Excited
9%
Film Production 1967 For Love and Money
9%
Film Screenplay 1994 Glen and Glenda
9%
Film Screenplay 1969 Gun Runners
9%
Film Director 1977 Hot Ice
9%
Film Starring Role 1970 Mrs. Stone's Thing
9%
Film Screenplay 1969 Operation Redlight
9%
Film Starring Role 1969 Operation Redlight
9%
Film Screenplay 1993 Plan 69 from Outer Space
9%
Film Stunts 1950 The Baron of Arizona
9%
Film Production 1954 The Lawless Rider
9%
Film Screenplay 1972 The Snow Bunnies
9%
Film Screenplay 1970 Venus Flytrap
9%
Film Screenplay 1985 Beach Blanket Bloodbath
0%
Film Screenplay 1973 The Cocktail Hostesses
0%
No matching quizzes found
Score Distribution
Percent of People with Each Score
Percentile by Number Answered
Your Score History
You have not taken this quiz